Statistics for Ethnic Groups of Europe

Click here to take the quiz!

General Stats

  • This quiz has been taken 74 times
  • The average score is 5 of 11

Answer Stats

Answer% Correct
Albanian
98%
Greek
95%
Armenian
82%
Slavic
45%
Germanic
42%
Latin
38%
Celtic
34%
Turkic
34%
Baltic
32%
Uralic
23%
Kartvelian
5%

Score Distribution

Percentile by Number Answered

Percent of People with Each Score

Your Score History

You have not taken this quiz